Statistics for 15 Largest Cities of Belgium on a Map

Click here to take the quiz!

General Stats

  • This quiz has been taken 153 times
  • The average score is 10 of 15

Answers on the Map

Answers color-coded by a green-red scale on the quiz's map according to % correct below.
 

Answer Stats

PopulationCity% Correct
2.055.698Brussels
100%
1.035.740Antwerp
98%
460.473Ghent
91%
672.421Liège
91%
169.516Bruges
89%
411.494Charleroi
80%
162.685Namur
65%
98.970Ostend
63%
172.769Leuven
55%
240.824Mons
54%
92.050Genk
50%
138.505Hasselt
48%
149.783Kortrijk
47%
145.776Mechelen
47%
96.204Sint-Niklaas
34%

Score Distribution

Percentile by Number Answered

Percent of People with Each Score

Your Score History

You have not taken this quiz